| 000 | 01870cam a22004934i 4500 | ||
|---|---|---|---|
| 003 | PE-LiUPU | ||
| 005 | 20250731172806.0 | ||
| 008 | 150617s1979 sp r 000 0 spa d | ||
| 020 | _a8425408679 | ||
| 035 | _a(Sirsi) i9788425408670 | ||
| 040 |
_aPE-LiUPU _bspa _cPE-LiUPU _erda |
||
| 049 | _aPRUA | ||
| 082 | 0 | 4 |
_a225.08 _bN _221 |
| 130 |
_aBiblia _pN.T. _pApocalipsis _lEspañol. |
||
| 245 | 1 | 3 |
_aEl Apocalipsis. _n23 / _cEduard Schick. |
| 264 | 1 |
_aBarcelona : _bEditorial Herder, _c1979. |
|
| 300 |
_a285 páginas ; _c20 centímetros. |
||
| 336 |
_atext _2rdacontent |
||
| 337 |
_aunmediated _2rdamedia |
||
| 338 |
_avolume _2rdacarrier |
||
| 490 | 0 |
_aEl nuevo testamento y su mensaje ; _v23 |
|
| 505 | 0 | _aEl misterio de la historia -- Texto y comentario -- Las siete cartas -- Futuro de la iglesia hasta la consumación -- Parte esencial de la profecía apocalíptica -- Preparación para el juicio final -- La segunda venida de Cristo y el juicio final -- La consumación. | |
| 526 | _aSEG42 | ||
| 526 | _aSEG41 | ||
| 526 | _aSEG40 | ||
| 526 | _aSEG39 | ||
| 526 | _aP94 | ||
| 526 | _aP87 | ||
| 526 | _aP86 | ||
| 526 | _aP85 | ||
| 526 | _aP77 | ||
| 526 | _aP76 | ||
| 526 | _aP35 | ||
| 630 |
_aBiblia _pN.T. _pApocalipsis _xComentarios. |
||
| 700 | 1 |
_aLator Ros, Alejandro Esteban, _etraductor. |
|
| 700 | 1 |
_aSchick, Eduard, _ecoment. |
|
| 910 |
_ajck _bjvq _cjck _d20150616 |
||
| 942 |
_2ddc _cBOOK |
||
| 949 |
_a225.08 N 23 _wDEWEY _c1 _i18252 _d2016-6-8 _e2016-6-5 _lCCODEBUL1 _mBUL _n4 _r0 _sY _tBOOK _u2015-6-17 _xTEOLOGIA _PP35 _0COMPRA _o.STAFF. Colección General |
||
| 994 |
_aC0 _bPEPRU |
||
| 596 | _a1 | ||
| 999 |
_a225.08 N 23 _wDEWEY _c3749 _i18252 _d3749 _e2016-6-5 _f2021-11-11 _g6 _lCCODEBUL1 _mBUL _n4 _p12.00 _q2 _r0 _sY _tBOOK _u2015-6-17 _xTEOLOGIA _PP35 _0COMPRA _o.STAFF. Colección Teología |
||
| 980 |
_81 _gALBERTO SANCHEZ Responsable de Automatización |
||